[Event "JPN-ch"]
[Site "Tokyo"]
[Date "2018.05.04"]
[Round "9"]
[White "Ueyoko, Hiroshi"]
[Black "Yasuno, Naoki"]
[Result "1/2-1/2"]
[WhiteElo "1526"]
[BlackElo "1792"]
[PlyCount "137"]
[EventDate "2018.04.29"]
[EventType "swiss"]
[EventRounds "11"]
[EventCountry "JPN"]
[SourceTitle "CBM 184 Extra"]
[Source "ChessBase"]
[SourceDate "2018.06.28"]
[SourceVersion "1"]
[SourceVersionDate "2018.06.28"]
[SourceQuality "1"]

1. e4 e6 2. d4 d5 3. Nc3 Bb4 4. exd5 exd5 5. Nf3 Nf6 6. Be2 Ne4 7. Bd2 Bxc3 8. bxc3 0-0 9. c4 Nxd2 10. Qxd2 dxc4 11. Bxc4 Re8+ 12. Be2 Bg4 13. 0-0 Nd7 14. Rfe1 Nf6 15. c3 c5 16. h3 Bh5 17. Rad1 cxd4 18. cxd4 Qd5 19. Qb4 Rac8 20. a4 a6 21. g4 Bg6 22. Ne5 Rc7 23. Rc1 Rec8 24. Rxc7 Rxc7 25. Bxa6 h6 26. Nxg6 fxg6 27. Bd3 Qf3 28. Bf1 Rc2 29. Re2 Rxe2 30. Qc4+ Kf8 31. Qxe2 Qxe2 32. Bxe2 b6 33. f3 Nd5 34. Kf2 Nc3 35. Bb5 Ke7 36. Ke3 g5 37. Kd3 Nd1 38. Kc2 Ne3+ 39. Kd3 Nd5 40. Ke4 Kd6 41. Bc4 Ne7 42. Kd3 Ng6 43. Kc3 Nf4 44. Bf1 Nd5+ 45. Kb3 Kc6 46. Bd3 Nf4 47. Be4+ Kc7 48. Kc4 Nxh3 49. Kb5 Nf4 50. d5 g6 51. d6+ Kxd6 52. Kxb6 h5 53. a5 h4 54. a6 h3 55. a7 h2 56. a8Q h1Q 57. Qf8+ Ke5 58. Qg7+ Ke6 59. Qd4 Qc1 60. Bc6 Qa3 61. Qd7+ Kf6 62. Qd4+ Kf7 63. Bd5+ Nxd5+ 64. Qxd5+ Kf6 65. Kc7 Qe7+ 66. Qd7 Qc5+ 67. Kd8 Qf8+ 68. Qe8 Qd6+ 69. Qd7 1/2-1/2

[Event "JPN-ch"]
[Site "Tokyo"]
[Date "2018.05.02"]
[Round "7"]
[White "Hamane, Kenichi"]
[Black "Yasuno, Naoki"]
[Result "1-0"]
[WhiteElo "1818"]
[BlackElo "1792"]
[PlyCount "167"]
[EventDate "2018.04.29"]
[EventType "swiss"]
[EventRounds "11"]
[EventCountry "JPN"]
[SourceTitle "CBM 184 Extra"]
[Source "ChessBase"]
[SourceDate "2018.06.28"]
[SourceVersion "1"]
[SourceVersionDate "2018.06.28"]
[SourceQuality "1"]

1. d4 d5 2. c4 c6 3. e3 Nf6 4. Nc3 e6 5. Nf3 Nbd7 6. b3 Bd6 7. Bd3 0-0 8. 0-0 b6 9. Bb2 Bb7 10. Rc1 Rc8 11. Qe2 Re8 12. cxd5 cxd5 13. Ba6 Rb8 14. Bxb7 Rxb7 15. Qa6 Qb8 16. Nb5 Bf8 17. Ne5 Nxe5 18. dxe5 Ne4 19. Na3 Nc5 20. Qe2 Rc8 21. f4 Ne4 22. Nb5 Rxc1 23. Rxc1 Bc5 24. a3 a6 25. Nd4 a5 26. a4 Rc7 27. Nb5 Rc8 28. g4 Be7 29. Rf1 Rc6 30. Nd4 Rc7 31. f5 exf5 32. gxf5 Bf8 33. e6 f6 34. Nb5 Rc8 35. Rd1 Qb7 36. Qd3 Rd8 37. Rc1 Bc5 38. Bd4 Qe7 39. Nc3 Bxd4 40. exd4 Rc8 41. Ne2 Rxc1+ 42. Nxc1 Qc7 43. Ne2 g6 44. Qb5 Qd6 45. Qe8+ Kg7 46. Qf7+ Kh6 47. fxg6 hxg6 48. e7 Qb4 49. Qxg6+ Kxg6 50. e8Q+ Kf5 51. Qd7+ Kg6 52. Nf4+ Kg5 53. Nh3+ Kg6 54. Qg4+ Kf7 55. Qh5+ Ke7 56. Qd1 Qa3 57. Kg2 Qb2+ 58. Kh1 Qc3 59. Kg2 Qb2+ 60. Kh1 Qd2 61. Qg1 Kf7 62. Qg4 Qe1+ 63. Qg1 Qxg1+ 64. Kxg1 Nd2 65. Nf4 Nf3+ 66. Kg2 Nxd4 67. Nxd5 Nxb3 68. Nxb6 Nc5 69. Kf3 Nxa4 70. Nxa4 Kg6 71. Kg4 f5+ 72. Kh4 Kf6 73. Nb2 Ke5 74. Nc4+ Ke4 75. Nxa5 f4 76. Nc4 Kf3 77. Kg5 Kg2 78. h4 f3 79. Nd2 f2 80. h5 Kg1 81. h6 Kg2 82. h7 f1Q 83. Nxf1 Kxf1 84. h8Q 1-0

[Event "JPN-ch"]
[Site "Tokyo"]
[Date "2018.05.02"]
[Round "8"]
[White "Yasuno, Naoki"]
[Black "Aoki, Yasuhiro"]
[Result "0-1"]
[WhiteElo "1792"]
[BlackElo "1813"]
[PlyCount "128"]
[EventDate "2018.04.29"]
[EventType "swiss"]
[EventRounds "11"]
[EventCountry "JPN"]
[SourceTitle "CBM 184 Extra"]
[Source "ChessBase"]
[SourceDate "2018.06.28"]
[SourceVersion "1"]
[SourceVersionDate "2018.06.28"]
[SourceQuality "1"]

1. e4 d6 2. d4 Nf6 3. Nc3 g6 4. Nf3 Bg7 5. Bc4 0-0 6. 0-0 Nxe4 7. Nxe4 d5 8. Bxd5 Qxd5 9. Nc3 Qd8 10. h3 Nc6 11. Be3 b6 12. Qd2 Bb7 13. Rad1 Na5 14. Qe2 Qc8 15. Rfe1 Ba6 16. Qd2 Nc4 17. Qc1 Nxe3 18. Qxe3 e6 19. Ne4 Qb7 20. c3 Rad8 21. Ned2 Qd5 22. b4 Bb7 23. Qe2 Qxa2 24. Ra1 Qd5 25. Rxa7 Bc6 26. Qc4 Qxc4 27. Nxc4 Bxf3 28. gxf3 Rc8 29. Rea1 Bh6 30. R1a2 Bf4 31. Kf1 Kg7 32. Ke2 Kh6 33. Ne3 Kg5 34. Ng2 h5 35. c4 Rfd8 36. Kd3 Bd6 37. c5 bxc5 38. bxc5 Bxc5 39. R2a4 Rxd4+ 40. Kc3 Rd5 41. Ne3 Bxa7 42. Nxd5 exd5 43. Rxa7 f5 44. Ra4 f4 45. Ra1 c5 46. Rg1+ Kf6 47. h4 d4+ 48. Kc4 Rd8 49. Kd3 c4+ 50. Kxc4 d3 51. Kc3 d2 52. Kc2 d1Q+ 53. Rxd1 Rxd1 54. Kxd1 g5 55. Ke2 gxh4 56. Kf1 Ke5 57. Kg2 Kd4 58. Kh3 Kd3 59. Kxh4 Ke2 60. Kxh5 Kxf2 61. Kg4 Ke3 62. Kh3 Kxf3 63. Kh2 Ke2 64. Kg1 f3 0-1

[Event "JPN-ch"]
[Site "Tokyo"]
[Date "2018.04.29"]
[Round "1"]
[White "Yasuno, Naoki"]
[Black "Yamada, Kohei"]
[Result "0-1"]
[WhiteElo "1792"]
[BlackElo "2164"]
[PlyCount "50"]
[EventDate "2018.04.29"]
[EventType "swiss"]
[EventRounds "11"]
[EventCountry "JPN"]
[SourceTitle "CBM 184 Extra"]
[Source "ChessBase"]
[SourceDate "2018.06.28"]
[SourceVersion "1"]
[SourceVersionDate "2018.06.28"]
[SourceQuality "1"]

1. e4 c5 2. Nf3 d6 3. d4 cxd4 4. Nxd4 Nf6 5. Nc3 a6 6. Be3 e5 7. Nb3 Be6 8. f3 Be7 9. Qd2 0-0 10. 0-0-0 a5 11. a4 Na6 12. Nb5 d5 13. exd5 Nxd5 14. Kb1 Nxe3 15. Qxd8 Rfxd8 16. Re1 Nxc2 17. Kxc2 Nb4+ 18. Kb1 Bxb3 19. Nc3 Bc2+ 20. Ka1 Bg6 21. Rxe5 Bf6 22. Re2 Rac8 23. h4 Rxc3 24. bxc3 Bxc3+ 25. Rb2 Rd1# 0-1